Umelá inteligencia v súčasnom vzdelávaní (2.) Výzvy pre učiteľov a žiakov

Predstavuje utilitárne otázky súvisiace s tým, aby sa učitelia oboznámili s umelou inteligenciou, jej využívaním v procese vzdelávania žiakov, vrátane konkrétnych problémov, s ktorými sa stretávajú pri jej používaní aj využívaním žiakmi pri úlohách.

Salvato in:
Dettagli Bibliografici
Autore principale: Juszczyk, Stanislaw
Natura: Capitolo di libro
Lingua:slovacco
Soggetti:
Tags: Aggiungi Tag
Nessun Tag, puoi essere il primo ad aggiungerne!!

MARC

LEADER 00000naa a2200000 4500
001 0315110
005 20260224083411.9
041 0 |a slo 
044 |a SK 
245 1 0 |a Umelá inteligencia v súčasnom vzdelávaní (2.)  |b Výzvy pre učiteľov a žiakov  |c Stanislaw Juszczyk 
520 |a Predstavuje utilitárne otázky súvisiace s tým, aby sa učitelia oboznámili s umelou inteligenciou, jej využívaním v procese vzdelávania žiakov, vrátane konkrétnych problémov, s ktorými sa stretávajú pri jej používaní aj využívaním žiakmi pri úlohách. 
610 2 0 |a inteligencia umelá 
610 2 0 |a gramotnosť digitálna 
610 2 0 |a vzdelávanie 
610 2 0 |a myslenie kritické 
610 2 0 |a trh práce 
100 1 |a Juszczyk, Stanislaw